| 000 | 00779cam a2200229 a 4500 | ||
|---|---|---|---|
| 020 | _a0471483850 (cloth) | ||
| 040 | _cDLC | ||
| 082 | 0 | 0 | _a956 JOH 2004 A101 Or. |
| 100 | 1 | _aMoore, James, | |
| 245 | 1 | 0 |
_aBush's war for reelection : _bIraq, the White House, and the people / |
| 260 |
_aHoboken, N.J. : _bJohn Wiley & Sons, _cc2004. |
||
| 300 |
_axviii, 382 p. : _bill. ; _c24 cm. |
||
| 650 | 0 | _aPolitical corruption | |
| 650 | 0 | _aIraq War, 2003-2011 | |
| 650 | 0 | _aPolitics and war | |
| 650 | 0 | _aIraq War, 2003-2011 | |
| 650 | 0 | _aSoldiers | |
| 856 | 4 | 2 | _uhttp://www.loc.gov/catdir/bios/wiley046/2004002218.html |
| 856 | 4 | 2 | _uhttp://www.loc.gov/catdir/description/wiley041/2004002218.html |
| 856 | 4 | 1 | _uhttp://www.loc.gov/catdir/toc/ecip0414/2004002218.html |
| 942 | _cEK | ||
| 999 |
_c12817 _d12817 |
||